Movies Quiz

Random Movies or Quote Quiz

Star Wars Characters 1-6 Quiz Stats

 Plays Quiz not verified by Sporcle

Score 0/50 Timer 20:00
0 Plays Today
Quote Character % Correct
I knowPrincess Leia Organa
95.5%
Woooo Hoooo!Han Solo
91.7%
GrrrrrrrrrrrrChewbacca
91.7%
Yes masterObi Wan Kenobi
87.5%
You'll Be deactivatedC3PO
87.5%
Yes?Darth Maul
86.4%
What?Senator Amidala
83.3%
You're faith in you're friends is yoursEmporor Sheev Palpatine
83.3%
I love youShmi Skywalker
83.3%
I'll remind himLuke Skywalker
83.3%
BEEEEEP!R2D2
83.3%
I'm a Toydarian, Mind tricks do not work on me!Watto
83.3%
Ho Ho Ho HoJabba the Hutt
80%
Babies?Senator Bail Organa
79.2%
There is no tryMaster Yoda
79.2%
Don Lui's hereBoba Fett
79.2%
I'm tiredAnakin Skywalker
79.2%
It’s too late for thatGreedo
79.2%
I had no choiceLando Calrisian
79.2%
Zub ZubWicket W Warrick
75%
NoMaster Mace Windu
70.8%
Possibly...Jango Fett
70.8%
You saved my neckJar Jar Binks
70.8%
You must see itQui Gon Jinn
68.2%
She lied!Grand Moff Wilhuff Tarkin
66.7%
Quote Character % Correct
That's what I'm afraid ofUncle Owen Lars
65%
You Can't take a royal highness there!Captain Panaka
65%
A strong defense mechanism...Admiral Ackbar
60%
I'm on itWedge Antilles
58.3%
GrrrrrrrrrrrrTarfful
58.3%
Their heads bigBoss Nass
58.3%
By the wayCommander Cody
58.3%
GoodCount Dooku
55%
It does not existMadame Jocasta Nu
54.5%
Depends...Dexter Jettster
50%
It means so much to himAunt Beru Lars
50%
You will be expectedBureaucrat Mas Amedda
50%
Ahhhhhhh!Master Kit Fistu
45.8%
May we see him?Don Lui
45.8%
Is this yours?Sebulba
45.8%
I concurMaster Kai Adi Mundi
45.5%
Kill HimGeneral Grievous
45%
Most important of allSenator Mon Mothma
40%
Thank you Lord VaderAdmiral Firmus Piett
40%
Wirrrrrr WirrrrrrrrR4P17
35%
It is an army for the republicMaster Sifo Dyas
33.3%
Copy Red LeaderClone Trooper Oddball
30%
We keep him hereAlice Sue Prime Minister of Kamino
25%
Take Care SirMedical droid 2-1B
20%
The point is consededChancellor Finis Valorum
20%

You're not logged in!

Compare scores with friends on all Sporcle quizzes.
OR
Log In

Sporcle TV

Today on Sporcle TV


Watch our educational content, quiz creation guides, and fun videos on Sporcle TV.

Show Comments

Extras

Top Quizzes Today


Score Distribution

Your Account Isn't Verified!

In order to create a playlist on Sporcle, you need to verify the email address you used during registration. Go to your Sporcle Settings to finish the process.

Report this User

Report this user for behavior that violates our Community Guidelines.

Details: